000 00226nam a2200097Ia 4500
008 220204s9999 xx 000 0 und d
082 _a82-3
_bMAS
100 _aMasterson, Louis
245 0 _aNo. 27 the day of death
942 _cBK
999 _c31035
_d31035